Les journaux en Europe - Statistiques

Statistiques générales
  • Ce quiz a été pris 46 fois
  • Le résultat moyen est 22 sur 40
Statistiques - réponses
Hint Réponse % Correct
The Daily Mirror ROYAUME-UNI
98%
Le Monde FRANCE
88%
El Correo ESPAGNE
86%
Ouest-France FRANCE
83%
Le Parisien FRANCE
81%
Der Spiegel ALLEMAGNE
79%
Le Figaro FRANCE
79%
The Sun ROYAUME-UNI
79%
Daily Mail ROYAUME-UNI
79%
Bild-Zeitung ALLEMAGNE
76%
El Mundo ESPAGNE
76%
La Voix du Nord FRANCE
76%
Sud Ouest FRANCE
76%
The Times ROYAUME-UNI
76%
Daily Star ROYAUME-UNI
76%
El País ESPAGNE
74%
News of the world ROYAUME-UNI
74%
Frankfurter Allgemeine Zeitung ALLEMAGNE
71%
La Stampa ITALIE
71%
Correio da Manhã PORTUGAL
69%
Die Welt ALLEMAGNE
64%
Il Corriere della Sera ITALIE
62%
De Telegraaf PAYS-BAS
55%
Le Télégramme FRANCE
52%
La Repubblica ITALIE
52%
Le Soir BELGIQUE
50%
De Volkskrant PAYS-BAS
48%
Algemeen Dagblad PAYS-BAS
43%
L’Avenir BELGIQUE
36%
Jornal de Notícias PORTUGAL
36%
L'Osservatore Romano VATICAN
21%
Kronen Zeitung AUTRICHE
19%
Het Nieuwsblad BELGIQUE
19%
24 heures SUISSE
19%
La Liberté SUISSE
19%
Der Standard AUTRICHE
17%
Le Jeudi LUXEMBOURG
14%
Le Quotidien LUXEMBOURG
5%
Der Bund SUISSE
2%
LaNotizia SUISSE
0%
Aucun quiz correspondant
Distribution des résultats
% des personnes avec chaque résultat
Percentile par nombre de réponses
Votre historique - résultats
Vous n’avez pas pris ce quiz